000 00635nam a22001937a 4500
005 20251108170022.0
008 250721s1979 xx 000 0 ara d
082 1 4 _aط/ق/عبد
100 1 _aحمدي، عبد الرحمن
245 1 0 _aالمغامرون الثلاثة في لغز الكلاب العشرة /
264 1 _aالقاهره :
_bدار المعارف،
_c1979.
300 _a110ص : مص
490 0 _aسلسلة قصص بوليسية للأولاد ؛ 108
650 1 7 _aالأدب العربي
650 1 7 _aالقصص العربية
650 1 7 _aأدب الأطفال
942 _2ddc
_cBK
999 _c37542
_d37542